| 000 | 00692cam a22002411 4500 | ||
|---|---|---|---|
| 001 | 52067 | ||
| 003 | BD-RjUL | ||
| 005 | 20211209075741.0 | ||
| 008 | 140522s1953 uk 000 0 eng | ||
| 035 | _a(BD-RjUL)52187 | ||
| 040 |
_aDLC _cOYU _dUk _dDLC _bBD-RjUL |
||
| 041 | _aeng | ||
| 082 |
_a519.5 _bMII 1974 _223 |
||
| 100 |
_aMian, Muhammad Ali _9155720 |
||
| 245 | 1 | 3 |
_aAn introduction to statistics / _cMuhammad Ali Mian and Md. Alimullah Miyan |
| 250 | _a3rd ed. | ||
| 260 |
_aDacca : _bIdeal library ; _c1974 |
||
| 300 |
_ax, 708 p. : _bill. ; _c23 cm. |
||
| 500 | _aIncludes Index | ||
| 650 | 0 |
_aStatistics. _9107508 |
|
| 700 |
_aMiyan, Md. Alimullah _9155721 |
||
| 942 |
_2ddc _cBK |
||
| 999 |
_c52067 _d52067 |
||